Antic Hay

Novela cómica que se desarrolla en Londres, en la época posterior a la Primera Guerra Mundial, tratando temas con tintes de utopía, personajes sumamente diversos, que presentan sentimientos y mentalidades cambiantes generalmente relacionados a la clase media-alta del momento.

Gorde:
Xehetasun bibliografikoak
Egile nagusia: Huxley, Aldous
Formatua: Liburua
Hizkuntza:Undetermined
Argitaratua: Londres, Inglaterra Penguin Books 1976
Gaiak:
Etiketak: Etiketa erantsi
Etiketarik gabe, Izan zaitez lehena erregistro honi etiketa jartzen!

MARC

LEADER 00000nam a2200000Ia 4500
008 170316s9999 xx 000 0 und d
040 |a cru BVZT 
090 |a 820 H-17a 
100 |a Huxley, Aldous  |9 841 
245 |a Antic Hay  |c / Aldous Huxley 
260 |a Londres, Inglaterra 
260 |b Penguin Books 
260 |c 1976 
300 |a 254 páginas 
520 |a Novela cómica que se desarrolla en Londres, en la época posterior a la Primera Guerra Mundial, tratando temas con tintes de utopía, personajes sumamente diversos, que presentan sentimientos y mentalidades cambiantes generalmente relacionados a la clase media-alta del momento. 
650 |a LITERATURA INGLESA  |9 12 
650 |a EN IDIOMA INGLÉS  |9 129 
650 |a NOVELA CÓMICA  |9 842 
999 |c 6929  |d 6929 
942 |c 15 D  |h 820 H-17a  |2 z